000 00747nam a2200241Ia 4500
001 384
003 GE_BSU
008 181216s||||||||xx |||||||||||||| ||und||
020 _a99940850
040 _cGE_BSU
080 _a811.353.1
100 _aგაფრინდაშვილი, ნანა. თვალთვაძე, დარეჯან;
245 _aრიტორიკის შესავალი
245 _cრედ:წერეთელი ნინო
260 _aთბილისი
260 _bნეკერი
260 _c2007
300 _a132 გვ.
541 _h6ლ .
653 _aრიტორიკა
653 _aრიტორიკის შესავალი
942 _cBK
999 _c34621
_d34621